| 000 | 00454nam a2200169Ia 4500 | ||
|---|---|---|---|
| 008 | 230917s9999||||xx |||||||||||||| ||und|| | ||
| 020 | _cGBP105 | ||
| 040 |
_e248934 _aMAIN |
||
| 041 | _aEnglish | ||
| 082 | _a321.87 L144R | ||
| 100 | _aLaing, Jennifer | ||
| 245 | 0 | _aRoyal events: Rituals, innovations, meanings | |
| 260 |
_aOxon _bRoutledge _c2018 |
||
| 300 | _ax, 250 p. | ||
| 500 | _a3198 24/07/2018 HBD18/7477 23/08/2018 IHTM (SFS) | ||
| 942 | _cBK | ||
| 999 |
_c27496 _d27496 |
||